F02_小学校社会科の教科書に多く登場する地名 - Statistics

General Stats
  • This quiz has been taken 57 times
  • The average score is 102 of 210
Answer Stats
順位 登場回数 地名 % Correct
5 119 東京
100%
189 6
100%
4 136 アメリカ
98%
19 64 大阪
98%
51 29 奈良
98%
92 14 平城
98%
2 187 中国(国名)
96%
8 106 京都
96%
139 9 中国(地方名)
96%
3 144 福岡
94%
9 105 長崎
94%
17 74 北海道
94%
58 27 新潟
94%
66 22 イギリス
94%
66 22 和歌山
94%
72 19 横浜
94%
116 11 神戸
94%
126 10
94%
139 9 名古屋
94%
23 55 岡山
92%
24 53 広島
92%
37 37 静岡
92%
39 33 鹿児島
92%
47 30 青森
92%
55 28 愛知
92%
78 17 千葉
92%
92 14 宮崎
92%
116 11 フランス
92%
1 1054 日本/ニッポン
90%
35 45 長野
90%
42 32 福井
90%
47 30 佐賀
90%
69 21 山口
90%
72 19 富山
90%
100 13 高知
90%
5 119 沖縄
88%
10 99 仙台
88%
28 49 熊本
88%
30 48 秋田
88%
36 38 九州
88%
39 33 札幌
88%
55 28 茨城
88%
61 26 埼玉
88%
78 17 香川
88%
92 15 オーストラリア
88%
100 13 大分
88%
100 13 鳥取
88%
106 12 石川
88%
139 9 徳島
88%
11 88 韓国
85%
42 32 ロシア
85%
58 27 群馬
85%
69 21 島根
85%
78 17 三重
85%
86 16 神奈川
85%
92 15 栃木
85%
116 11 大韓(民国)
85%
126 10 ドイツ
85%
30 48 山形
83%
45 31 岩手
83%
51 29 岐阜
83%
72 19 愛媛
83%
92 14 金沢
83%
18 73 宮城
81%
42 32 福島
81%
61 26 兵庫
81%
106 12 インド
81%
106 12 松山
81%
126 10 山梨
81%
71 20 滋賀
79%
152 8 那覇
79%
72 19 宇都宮
77%
21 61 朝鮮
75%
168 7 スペイン
75%
51 29 関東
73%
106 12 浜松
73%
139 9 北九州
73%
152 8 台湾
71%
189 6 インドネシア
69%
66 22 松江
67%
78 17 伊豆
67%
78 17 四国
67%
78 17 ペキン/北京
67%
139 9 モンゴル
67%
126 10 北朝鮮
65%
38 36 東北
63%
126 10 近畿
63%
5 119 江戸
60%
139 9 フィリピン
60%
168 7
60%
116 11 ソウル
58%
77 18 琵琶
56%
106 12 中部
54%
126 10 北陸
54%
168 7
54%
47 30 鎌倉
52%
106 12 豊田
52%
152 8 東海道
52%
189 6 対馬
52%
189 6 東海
52%
126 10 アフリカ
50%
152 8 (東・南)シナ(海)
50%
152 8 ポルトガル
50%
126 10 淡路
48%
139 9 エトロフ/択捉
48%
55 28 ヨーロッパ
46%
116 11 オランダ
46%
152 8 ハワイ
46%
152 8 和木
46%
26 52 アジア
44%
64 23 旭川
44%
152 8 竹島
44%
189 6 倉敷
44%
14 75 太平(洋)
42%
33 47 博多
42%
126 10 日光
40%
27 50 サウジアラビア
38%
64 23 大和
38%
106 12 瀬戸
35%
168 7 山都
35%
86 16 薩摩
33%
152 8 南極
33%
100 13 琉球
31%
34 46 水俣
29%
86 16 山陽
29%
116 11 宮古
29%
139 9 尖閣
29%
189 6 天草
29%
189 6 ソビエト
29%
51 29 室町
27%
78 17 安土
27%
152 8 利根
27%
168 7 長州
27%
19 64 明石
25%
86 16 木曽
25%
100 13 酒田
25%
168 7 ソ連
25%
126 10 大島
23%
152 8 ユーラシア
23%
152 8 輪島
23%
189 6 アラブ
23%
189 6 帯広
23%
189 6 南京
23%
78 17 石巻
19%
168 7 岩国
19%
168 7 石見
19%
189 6 赤石
19%
13 78 庄内
17%
28 49 気仙沼
17%
100 13 阪神
17%
126 10 北上
17%
126 10 長篠
17%
189 6 富岡
17%
14 75 松島
15%
86 16 大田
15%
92 15 十勝
15%
168 7 厳島
15%
168 7 吉野ケ里
15%
189 6 千島
15%
189 6 長良
15%
39 33 海津
13%
116 11 宇和島
13%
139 9 京浜
13%
168 7 中京
13%
168 7 三野
13%
168 7 最上
13%
189 6 揖斐
13%
116 11 川口
10%
126 10 大崎
10%
152 8 焼津
10%
168 7 三内丸山
10%
30 48 嬬恋
8%
45 31 満州
8%
47 30 白神
8%
72 19 白石
8%
139 9 新居浜
8%
139 9 弥生
8%
139 9 横手
8%
189 6 陸前高田
8%
12 82 鴨川
6%
86 16 尼崎
6%
116 11 天神
6%
168 7 阿武隈
6%
168 7 大館
6%
24 53 登米
4%
63 24 蔵王
4%
92 14 道後
4%
168 7 有田
4%
168 7 鯖江
4%
189 6 栗原
4%
189 6 塩竈
4%
106 12 城崎
2%
116 11 みやぎの(宮城野)
2%
139 9 有明
2%
152 8 御嶽山
2%
168 7 大竹
2%
189 6 板付
2%
14 75 通潤
0%
21 61 雄勝
0%
58 27 白糸台地
0%
92 15 明治村
0%
106 12 下栗
0%
106 12 百道
0%
152 8 国分寺
0%
152 8 笹原
0%
168 7 常総
0%
168 7 二見
0%
189 6 大久保
0%
189 6 大衡
0%
189 6 湯原
0%
No matching quizzes found
Score Distribution
Percent of People with Each Score
Percentile by Number Answered
Your Score History
You have not taken this quiz